Các loại hình báo chí truyền thông : Sách chuyên khảo

Cuốn sách Các Loại Hình Báo Chí Truyền Thông nằm trong hệ thống chương trình đào tạo bậc cử nhân và sau đại học về lĩnh vực báo chí truyền thông. Cuốn sách cung cấp cho người đọc những hiểu biết cơ bản, có hệ thống về khái niệm, đặ...

Fuld beskrivelse

Đã lưu trong:
Bibliografiske detaljer
Hovedforfatter: Dương Xuân Sơn
Format: Bog
Sprog:Vietnamese
Udgivet: H. Thông tin và Truyền thông 2016
Udgivelse:Tái bản lần thứ 1
Fag:
Tags: Tilføj Tag
Ingen Tags, Vær først til at tagge denne postø!
Thư viện lưu trữ: Thư viện Trường Đại học Nam Cần Thơ
LEADER 01458nam a22002177a 4500
001 NCT_142618
008 180609b xxu||||| |||| 00| 0 vie d
999 |c 7342  |d 7342 
020 |a 9786048018849  |c 75000 
082 0 4 |2 23rd ed.  |a 070.1  |b S464 
100 1 |a Dương Xuân Sơn 
245 1 0 |a Các loại hình báo chí truyền thông :  |b Sách chuyên khảo  |c Dương Xuân Sơn 
250 |a Tái bản lần thứ 1 
260 |a H.  |b Thông tin và Truyền thông  |c 2016 
300 |a 329 tr.  |b Minh họa  |c 21cm 
520 3 |a Cuốn sách Các Loại Hình Báo Chí Truyền Thông nằm trong hệ thống chương trình đào tạo bậc cử nhân và sau đại học về lĩnh vực báo chí truyền thông. Cuốn sách cung cấp cho người đọc những hiểu biết cơ bản, có hệ thống về khái niệm, đặc trưng, đặc điểm của truyền thông và truyền thông đại chúng hiện đại. 
653 |a Quan hệ công chúng 
942 |2 ddc  |c BK 
952 |0 0  |1 0  |2 ddc  |4 0  |6 070_100000000000000_S464  |7 0  |9 26440  |a 000001  |b 000001  |d 2022-11-09  |o 070.1 S464  |p MD.20878  |r 2022-11-09  |v 75000.00  |w 2022-11-09  |y BK 
952 |0 0  |1 0  |2 ddc  |4 0  |6 070_100000000000000_S464  |7 0  |9 26441  |a 000001  |b 000001  |d 2022-11-09  |o 070.1 S464  |p MD.20879  |r 2022-11-09  |v 75000.00  |w 2022-11-09  |y BK 
980 |a Thư viện Trường Đại học Nam Cần Thơ